El lazo rojo / (Registro nro. 8932)

Detalles MARC
000 -LIDER
fixed length control field 00940nam a2200337 4500
001 - NÚMERO DE CONTROL
Identificador de número de control 360455
003 - IDENTIFICACDOR DE NÚMERO DE CONTROL
control field DO-SdBNP
005 - DATE AND TIME OF LATEST TRANSACTION
control field 20180221090454.0
007 - CAMPOS FIJOS DE DESCRIPCIÓN FÍSICA
fixed length control field 360455
008 - ELEMENTOS DE LONGITUD FIJA
fixed length control field 921214s1990 sp | |||| ||spa d
016 7# - NO. DE CONTROL DE LA AGENCIA BIB. NACIONAL
Record control number
Canceled/invalid record control number
Source BPMSU
017 ## - NÚMERO DE REGISTRO DE DERECHOS DE AUTOR
Copyright or legal deposit number
Assigning agency
020 ## - ISBN
International Standard Book Number 8434829118
035 ## - NÚMERO LOCAL
System control number
040 ## - FUENTE DE CATALOGACIÓN
Agencia que crea de manera original el registro BPMSU
Idioma de catalogación spa
Agencia que realiza la transcripción BPMSU
041 1# - CÓDIGOS DE OBRAS TRADUCIDAS O EN VARIOS IDIOMAS
Código del idioma del texto/archivo de sonido o separata spa
Cód. del idioma original y/o traducciones intermedias del texto
080 #4 - NÚMERO DE CLASIFICACIÓN DECIMAL UNIVERSAL
Universal Decimal Classification number
100 1# - ASIENTO PRINCIPAL -- NOMBRE PERSONAL
Nombre personal Lobe, Mira
Fechas asociadas con el nombre 1913-
240 14 - TITULO UNIFORME
Título uniforme Die Zauberschleife
Idioma de una obra español
245 13 - MENCIÓN DE TITULO
Título El lazo rojo /
Mención de responsabilidad Mira Lobe ; ilustraciones de Carmen Lucini
Medio (Designación general de material)
260 ## - PUBLICACIÓN, DISTRIBUCIÓN, ETC. (PIE DE IMPRENTA)
Lugar de publicación, distribución, etc Madrid :
Nombre del editor, distribuidor, etc. SM,
Fecha de publicación, distribución, etc 1989
300 ## - DESCRIPCIÓN FÍSICA
Extensión 71 p.;
Otros detalles físicos il.:
Dimensiones 20 cm,
490 1# - MENCIÓN DE SERIES
Mención de serie El barco de vapor
Volume/sequential designation 185
Mención de serie Serie blanca
500 4# - NOTA GENERAL
Nota general Traducción de: Die Zauberscheleife
700 1# - ASIENTO SECUNDARIO -- NOMBRE PERSONAL
Nombre personal Lucini, Carmen
Materiales especificados il.
830 #3 - ASIENTO SECUNDARIO DE SERIE--TÍTULO UNIFORME
Título uniforme El barco de vapor
Volume number/sequential designation 185
830 #3 - ASIENTO SECUNDARIO DE SERIE--TÍTULO UNIFORME
Título uniforme El barco de vapor.
Nombre de la parte o sección de una obra Serie blanca
942 ## - ADDED ENTRY ELEMENTS (KOHA)
Source of classification or shelving scheme Dewey Decimal Classification
Koha item type Libros
945 ## - INFORMACIÓN DE PROCESAMIENTO LOCAL
Información de procesamiento local inventariado, 2018 / dg
956 ## - LOCAL ELECTRONIC LOCATION AND ACCESS (OCLC)
Nombre de host VMATEO
Método de acceso 10
Materiales especificados 20151126
Enlace BPSMU
Campo enlazado y núm. de secuencia 00151
Existencias
Withdrawn status Lost status Source of classification or shelving scheme Damaged status Not for loan Home library Current library Date acquired Total Checkouts Barcode Date last seen Price effective from Koha item type
    Dewey Decimal Classification     Biblioteca Pública Metropolitana Salomé Ureña Biblioteca Pública Metropolitana Salomé Ureña 11/26/2015   BPMSU15110508 11/26/2015 11/26/2015 Libros